[Event "DVM U12 2024"]
[Site "Heidelberg GER"]
[Date "2024.12.30"]
[Round "7"]
[White "Kraus, Linus"]
[Black "Jahn, Gustav"]
[Result "1/2-1/2"]
[Termination "normal"]
[Board "6.1"]
[WhiteElo "1803"]
[BlackElo "1822"]
[WhiteClock "00:10:09"]
[BlackClock "00:16:08"]
[WhiteTeam "SK Turm Schiefbahn 1931"]
[BlackTeam "SV Dresden-Striesen"]
[PlyCount "105"]
[WhiteFideId "34629629"]
[BlackFideId "34666605"]
[EventCountry "GER"]
[EventRounds "7"]
[EventType "team-swiss"]
[EventDate "2024.12.26"]

1. Nf3 {[%clk 01:30:59]} d5 {[%clk 01:30:47]} {[%emt 00:00:14]} 2. g3 {[%clk
01:31:21]} {[%emt 00:00:07]} Nf6 {[%clk 01:31:03]} {[%emt 00:00:14]} 3. Bg2
{[%clk 01:31:39]} {[%emt 00:00:12]} e6 {[%clk 01:31:23]} {[%emt 00:00:10]} 4.
d4 {[%clk 01:32:02]} {[%emt 00:00:07]} Be7 {[%clk 01:31:43]} {[%emt 00:00:10]}
5. c4 {[%clk 01:32:26]} {[%emt 00:00:05]} O-O {[%clk 01:31:57]} {[%emt
00:00:15]} 6. Qc2 {[%clk 01:32:50]} {[%emt 00:00:06]} Nbd7 {[%clk 01:31:35]}
{[%emt 00:00:53]} 7. O-O {[%clk 01:32:12]} {[%emt 00:01:07]} b6 {[%clk
01:31:33]} {[%emt 00:00:33]} 8. cxd5 {[%clk 01:31:41]} {[%emt 00:01:01]} exd5
{[%clk 01:31:12]} {[%emt 00:00:52]} 9. Bf4 {[%clk 01:32:00]} {[%emt 00:00:11]}
c5 {[%clk 01:31:03]} {[%emt 00:00:39]} 10. Nc3 {[%clk 01:29:30]} {[%emt
00:02:59]} Bb7 {[%clk 01:27:22]} {[%emt 00:04:12]} 11. Rfd1 {[%clk 01:27:07]}
{[%emt 00:02:53]} c4 {[%clk 01:22:22]} {[%emt 00:05:30]} 12. Ne5 {[%clk
01:26:18]} {[%emt 00:01:19]} Qc8 {[%clk 01:12:38]} {[%emt 00:10:14]} 13. Rac1
{[%clk 01:23:24]} {[%emt 00:03:23]} Rd8 {[%clk 01:04:29]} {[%emt 00:08:40]} 14.
b3 {[%clk 01:20:58]} {[%emt 00:02:56]} Ba3 {[%clk 01:01:41]} {[%emt 00:03:18]}
15. Rb1 {[%clk 01:18:59]} {[%emt 00:02:29]} Nf8 {[%clk 00:52:58]} {[%emt
00:09:13]} 16. bxc4 {[%clk 01:04:31]} {[%emt 00:14:58]} dxc4 {[%clk 00:51:46]}
{[%emt 00:01:43]} 17. Nb5 {[%clk 01:03:46]} {[%emt 00:01:15]} Bxg2 {[%clk
00:51:11]} {[%emt 00:01:04]} 18. Kxg2 {[%clk 01:04:00]} {[%emt 00:00:16]} Qb7+
{[%clk 00:48:33]} {[%emt 00:03:08]} 19. f3 {[%clk 01:04:03]} {[%emt 00:00:27]}
Be7 {[%clk 00:46:52]} {[%emt 00:02:12]} 20. Qxc4 {[%clk 01:03:03]} {[%emt
00:01:28]} Nd5 {[%clk 00:45:22]} {[%emt 00:02:01]} 21. Qc6 {[%clk 00:53:59]}
{[%emt 00:09:34]} Qxc6 {[%clk 00:41:38]} {[%emt 00:04:15]} 22. Nxc6 {[%emt
00:00:16]} Nxf4+ {[%emt 00:00:31]} 23. gxf4 {[%clk 00:53:32]} {[%emt 00:00:11]}
Rd7 {[%clk 00:41:23]} {[%emt 00:00:44]} 24. Ne5 {[%clk 00:46:59]} {[%emt
00:07:03]} Rdd8 {[%clk 00:40:44]} {[%emt 00:01:08]} 25. d5 {[%clk 00:44:33]}
{[%emt 00:02:58]} Bc5 {[%clk 00:37:02]} {[%emt 00:04:11]} 26. e4 {[%clk
00:40:12]} {[%emt 00:04:52]} a6 {[%clk 00:35:52]} {[%emt 00:01:41]} 27. Nc7
{[%clk 00:38:47]} {[%emt 00:01:55]} Rac8 {[%clk 00:35:33]} {[%emt 00:00:49]}
28. Nc6 {[%clk 00:38:45]} {[%emt 00:00:31]} Rd7 {[%clk 00:34:50]} {[%emt
00:01:13]} 29. Nxa6 {[%clk 00:37:28]} {[%emt 00:01:47]} Ra8 {[%emt 00:02:28]}
30. Nab4 {[%clk 00:36:18]} Ng6 {[%clk 00:33:45]} {[%emt 00:01:17]} 31. f5
{[%clk 00:35:57]} {[%emt 00:00:50]} Nf4+ {[%clk 00:33:34]} {[%emt 00:00:41]}
32. Kf1 {[%clk 00:35:38]} {[%emt 00:00:49]} f6 {[%clk 00:31:46]} {[%emt
00:02:18]} 33. Rb2 {[%clk 00:34:58]} {[%emt 00:01:10]} g6 {[%clk 00:31:05]}
{[%emt 00:01:11]} 34. fxg6 {[%clk 00:34:51]} {[%emt 00:00:37]} Rg7 {[%clk
00:28:21]} {[%emt 00:03:14]} 35. Nd3 {[%clk 00:33:21]} {[%emt 00:02:00]} Nxd3
{[%clk 00:28:11]} {[%emt 00:00:41]} 36. Rxd3 {[%clk 00:33:29]} {[%emt
00:00:21]} Rxg6 {[%clk 00:28:31]} {[%emt 00:00:11]} 37. Rdd2 {[%clk 00:30:58]}
{[%emt 00:03:01]} Ra3 {[%clk 00:27:13]} {[%emt 00:01:48]} 38. Rb3 {[%clk
00:31:05]} {[%emt 00:00:23]} Rg1+ {[%clk 00:25:08]} {[%emt 00:02:35]} 39. Ke2
{[%clk 00:31:00]} {[%emt 00:00:35]} Rg2+ {[%clk 00:25:16]} {[%emt 00:00:22]}
40. Ke1 {[%clk 00:30:20]} {[%emt 00:01:10]} Rg1+ {[%clk 00:25:30]} {[%emt
00:00:17]} 41. Ke2 {[%clk 00:30:18]} {[%emt 00:00:33]} Rg2+ {[%clk 00:25:50]}
{[%emt 00:00:09]} 42. Kd1 {[%clk 00:21:54]} {[%emt 00:08:54]} Rxd2+ {[%clk
00:25:07]} {[%emt 00:01:13]} 43. Kxd2 {[%clk 00:22:02]} {[%emt 00:00:22]} Rxa2+
{[%clk 00:25:30]} {[%emt 00:00:07]} 44. Ke1 {[%clk 00:22:07]} {[%emt 00:00:25]}
Rxh2 {[%clk 00:25:37]} {[%emt 00:00:24]} 45. Rd3 {[%clk 00:22:28]} {[%emt
00:00:09]} Bd6 {[%clk 00:25:15]} {[%emt 00:00:51]} 46. Nd4 {[%clk 00:22:39]}
{[%emt 00:00:20]} Kf7 {[%clk 00:20:45]} {[%emt 00:05:00]} 47. Nf5 {[%clk
00:22:37]} {[%emt 00:00:31]} Bb4+ {[%clk 00:20:52]} {[%emt 00:00:22]} 48. Kf1
{[%clk 00:22:14]} {[%emt 00:00:53]} Ke8 {[%clk 00:20:48]} {[%emt 00:00:34]} 49.
Ne3 {[%clk 00:17:45]} {[%emt 00:05:00]} h5 {[%clk 00:18:28]} {[%emt 00:02:50]}
50. d6 {[%clk 00:14:40]} {[%emt 00:03:36]} Kd7 {[%clk 00:16:41]} {[%emt
00:02:17]} 51. Nd5 {[%clk 00:14:36]} {[%emt 00:00:33]} Bxd6 {[%clk 00:16:35]}
{[%emt 00:00:36]} 52. Nxb6+ {[%clk 00:11:43]} {[%emt 00:03:22]} Ke6 {[%clk
00:16:08]} {[%emt 00:00:57]} 53. Na4 {[%clk 00:10:09]} {[%emt 00:02:05]}
1/2-1/2

[Event "DVM U12 2024"]
[Site "Heidelberg GER"]
[Date "2024.12.30"]
[Round "7"]
[White "Thoms, Eric"]
[Black "Wingerath, Felix"]
[Result "1/2-1/2"]
[Termination "normal"]
[Board "6.2"]
[WhiteElo "1666"]
[BlackElo "1753"]
[WhiteClock "01:12:02"]
[BlackClock "00:37:55"]
[WhiteTeam "SV Dresden-Striesen"]
[BlackTeam "SK Turm Schiefbahn 1931"]
[PlyCount "57"]
[WhiteFideId "34623450"]
[BlackFideId "34614834"]
[EventCountry "GER"]
[EventRounds "7"]
[EventType "team-swiss"]
[EventDate "2024.12.26"]

1. d4 {[%clk 01:30:57]} {[%emt 00:00:02]} d5 {[%clk 01:30:48]} {[%emt
00:00:13]} 2. g3 {[%clk 01:31:11]} {[%emt 00:00:15]} Nf6 {[%clk 01:31:11]}
{[%emt 00:00:08]} 3. Bg2 {[%clk 01:31:33]} {[%emt 00:00:07]} e6 {[%clk
01:31:34]} {[%emt 00:00:07]} 4. Nf3 {[%clk 01:31:52]} {[%emt 00:00:11]} Be7
{[%clk 01:31:49]} {[%emt 00:00:16]} 5. O-O {[%clk 01:32:11]} {[%emt 00:00:10]}
O-O {[%clk 01:32:13]} {[%emt 00:00:07]} 6. Nbd2 {[%clk 01:32:06]} {[%emt
00:00:34]} Bd7 {[%clk 01:30:37]} {[%emt 00:02:06]} 7. Ne5 {[%clk 01:31:29]}
{[%emt 00:01:06]} Nc6 {[%clk 01:29:21]} {[%emt 00:01:47]} 8. Ndf3 {[%clk
01:31:46]} {[%emt 00:00:11]} Nxe5 {[%clk 01:29:27]} {[%emt 00:00:25]} 9. Nxe5
{[%clk 01:32:04]} {[%emt 00:00:11]} Bb5 {[%clk 01:24:37]} {[%emt 00:05:21]} 10.
c4 {[%clk 01:28:51]} {[%emt 00:03:43]} Bc6 {[%clk 01:24:36]} {[%emt 00:00:31]}
11. Nxc6 {[%clk 01:28:24]} {[%emt 00:00:57]} bxc6 {[%clk 01:24:52]} {[%emt
00:00:13]} 12. c5 {[%clk 01:28:07]} {[%emt 00:00:47]} Re8 {[%clk 01:21:45]}
{[%emt 00:03:38]} 13. Qa4 {[%clk 01:28:21]} {[%emt 00:00:16]} Qd7 {[%clk
01:21:55]} {[%emt 00:00:20]} 14. Bg5 {[%clk 01:22:37]} {[%emt 00:06:13]} h6
{[%clk 01:13:53]} {[%emt 00:08:32]} 15. Bxf6 {[%clk 01:22:14]} {[%emt
00:00:53]} Bxf6 {[%clk 01:13:53]} {[%emt 00:00:30]} 16. Bh3 {[%clk 01:21:51]}
{[%emt 00:00:53]} Red8 {[%clk 01:10:39]} {[%emt 00:03:45]} 17. e3 {[%clk
01:21:59]} {[%emt 00:00:22]} a5 {[%clk 01:09:32]} {[%emt 00:01:37]} 18. Rac1
{[%clk 01:20:16]} {[%emt 00:02:12]} Rdb8 {[%clk 01:08:35]} {[%emt 00:01:27]}
19. Rc2 {[%clk 01:19:58]} {[%emt 00:00:48]} Rb4 {[%clk 01:06:55]} {[%emt
00:02:11]} 20. Qa3 {[%clk 01:20:17]} {[%emt 00:00:10]} Rb5 {[%clk 01:05:30]}
{[%emt 00:01:56]} 21. Rd1 {[%clk 01:18:35]} {[%emt 00:02:11]} Rb4 {[%clk
01:04:14]} {[%emt 00:01:47]} 22. Rd3 {[%clk 01:17:33]} {[%emt 00:01:31]} Qc8
{[%clk 01:03:07]} {[%emt 00:01:38]} 23. Rb3 {[%clk 01:15:54]} {[%emt 00:02:08]}
Rxb3 {[%clk 00:58:00]} {[%emt 00:05:38]} 24. Qxb3 {[%clk 01:16:08]} {[%emt
00:00:15]} Rb8 {[%clk 00:55:05]} {[%emt 00:03:26]} 25. Qa4 {[%clk 01:16:01]}
{[%emt 00:00:36]} Qa6 {[%clk 00:53:47]} {[%emt 00:01:51]} 26. Bf1 {[%clk
01:15:10]} {[%emt 00:01:20]} Qa8 {[%clk 00:53:00]} {[%emt 00:01:18]} 27. f4
{[%clk 01:11:51]} {[%emt 00:03:47]} Rb4 {[%clk 00:43:42]} {[%emt 00:09:48]} 28.
Qa3 {[%clk 01:12:12]} {[%emt 00:00:09]} Rb8 {[%clk 00:37:55]} {[%emt 00:06:18]}
29. Qa4 {[%clk 01:12:02]} {[%emt 00:00:39]} 1/2-1/2

[Event "DVM U12 2024"]
[Site "Heidelberg GER"]
[Date "2024.12.30"]
[Round "7"]
[White "Atar, Semih Akif"]
[Black "Cetinalp, Poyraz"]
[Result "1-0"]
[Termination "normal"]
[Board "6.3"]
[WhiteElo "1624"]
[BlackElo "1512"]
[WhiteClock "00:56:01"]
[BlackClock "00:31:17"]
[WhiteTeam "SK Turm Schiefbahn 1931"]
[BlackTeam "SV Dresden-Striesen"]
[PlyCount "157"]
[WhiteFideId "16283376"]
[BlackFideId "34671340"]
[EventCountry "GER"]
[EventRounds "7"]
[EventType "team-swiss"]
[EventDate "2024.12.26"]

1. c4 {[%clk 01:30:59]} e5 {[%clk 01:30:57]} {[%emt 00:00:03]} 2. g3 {[%clk
01:31:22]} {[%emt 00:00:06]} g6 {[%clk 01:31:19]} {[%emt 00:00:08]} 3. Bg2
{[%clk 01:31:38]} {[%emt 00:00:14]} Bg7 {[%clk 01:31:43]} {[%emt 00:00:07]} 4.
Nc3 {[%clk 01:31:42]} {[%emt 00:00:26]} f5 {[%clk 01:31:36]} {[%emt 00:00:37]}
5. e3 {[%clk 01:30:01]} {[%emt 00:02:11]} d6 {[%clk 01:30:39]} {[%emt
00:01:26]} 6. Nge2 {[%clk 01:29:46]} {[%emt 00:00:43]} Nf6 {[%clk 01:30:41]}
{[%emt 00:00:27]} 7. O-O {[%clk 01:29:21]} {[%emt 00:00:57]} O-O {[%clk
01:30:26]} {[%emt 00:00:46]} 8. d4 {[%clk 01:28:41]} {[%emt 00:01:10]} exd4
{[%clk 01:19:47]} {[%emt 00:11:08]} 9. exd4 {[%clk 01:28:45]} {[%emt 00:00:25]}
c6 {[%clk 01:18:01]} {[%emt 00:02:16]} 10. Qb3 {[%clk 01:27:13]} {[%emt
00:02:02]} b6 {[%clk 00:57:18]} {[%emt 00:21:13]} 11. Bf4 {[%clk 01:26:16]}
{[%emt 00:01:27]} Re8 {[%clk 00:47:29]} {[%emt 00:10:19]} 12. Rfe1 {[%clk
01:17:41]} {[%emt 00:09:05]} Ne4 {[%clk 00:40:09]} {[%emt 00:07:50]} 13. Nxe4
{[%clk 01:15:59]} {[%emt 00:02:12]} fxe4 {[%clk 00:40:15]} {[%emt 00:00:20]}
14. Rad1 {[%clk 01:09:36]} {[%emt 00:06:57]} d5 {[%clk 00:38:01]} {[%emt
00:02:43]} 15. cxd5 {[%clk 01:08:29]} {[%emt 00:01:38]} cxd5 {[%clk 00:36:48]}
{[%emt 00:01:41]} 16. Nc3 {[%clk 01:07:38]} {[%emt 00:01:23]} Bb7 {[%clk
00:34:42]} {[%emt 00:02:29]} 17. Bxe4 {[%clk 01:07:43]} {[%emt 00:00:32]} Kh8
{[%clk 00:26:33]} {[%emt 00:08:38]} 18. Bxd5 {[%clk 01:06:19]} {[%emt
00:01:54]} Bxd5 {[%clk 00:21:04]} {[%emt 00:06:00]} 19. Rxe8+ {[%clk 01:06:23]}
{[%emt 00:00:26]} Qxe8 {[%clk 00:21:17]} {[%emt 00:00:17]} 20. Qxd5 {[%clk
01:06:36]} {[%emt 00:00:16]} Nd7 {[%clk 00:20:24]} {[%emt 00:01:22]} 21. Rd3
{[%clk 01:03:15]} {[%emt 00:03:53]} Nf6 {[%clk 00:14:22]} {[%emt 00:06:32]} 22.
Qe5 {[%clk 01:00:57]} {[%emt 00:02:48]} Qd7 {[%clk 00:10:59]} {[%emt 00:03:53]}
23. Qb5 {[%clk 00:59:38]} {[%emt 00:01:49]} Qb7 {[%clk 00:10:44]} {[%emt
00:00:44]} 24. Be5 {[%clk 00:58:25]} {[%emt 00:01:44]} Re8 {[%clk 00:10:01]}
{[%emt 00:01:12]} 25. Re3 {[%clk 00:57:44]} {[%emt 00:01:12]} Re7 {[%clk
00:07:54]} {[%emt 00:02:36]} 26. Bxf6 {[%clk 00:51:32]} {[%emt 00:06:43]} Bxf6
{[%clk 00:08:09]} {[%emt 00:00:14]} 27. Rxe7 {[%clk 00:50:06]} {[%emt
00:01:56]} Qxe7 {[%clk 00:07:53]} {[%emt 00:00:46]} 28. d5 {[%clk 00:33:40]}
{[%emt 00:16:57]} Kg7 {[%clk 00:03:46]} {[%emt 00:04:34]} 29. Qc6 {[%clk
00:32:25]} {[%emt 00:01:49]} Qe1+ {[%clk 00:03:26]} {[%emt 00:00:50]} 30. Kg2
{[%clk 00:32:41]} {[%emt 00:00:13]} Bd4 {[%clk 00:03:30]} {[%emt 00:00:22]} 31.
Qc7+ {[%clk 00:32:03]} {[%emt 00:01:11]} Kg8 {[%clk 00:03:22]} {[%emt
00:00:36]} 32. Qd8+ {[%clk 00:31:10]} {[%emt 00:01:25]} Kg7 {[%clk 00:03:00]}
{[%emt 00:00:48]} 33. Qc7+ {[%clk 00:29:59]} {[%emt 00:01:46]} Kg8 {[%clk
00:03:13]} {[%emt 00:00:15]} 34. Qf4 {[%clk 00:27:44]} {[%emt 00:02:47]} Bc5
{[%clk 00:02:58]} {[%emt 00:00:41]} 35. d6 {[%clk 00:25:28]} {[%emt 00:02:50]}
Qe6 {[%clk 00:02:34]} {[%emt 00:00:53]} 36. Ne4 {[%clk 00:23:42]} {[%emt
00:02:16]} Kg7 {[%clk 00:02:13]} {[%emt 00:00:49]} 37. Nxc5 {[%clk 00:23:40]}
{[%emt 00:00:34]} bxc5 {[%clk 00:02:36]} {[%emt 00:00:07]} 38. Qd2 {[%clk
00:22:25]} {[%emt 00:01:45]} Qd7 {[%clk 00:02:26]} {[%emt 00:00:40]} 39. Qd5
{[%clk 00:22:44]} {[%emt 00:00:12]} Kf6 {[%clk 00:02:30]} {[%emt 00:00:23]} 40.
Qxc5 {[%clk 00:20:30]} {[%emt 00:02:45]} Qb7+ {[%clk 00:02:46]} {[%emt
00:00:15]} 41. Kg1 {[%clk 00:20:38]} {[%emt 00:00:22]} Qxb2 {[%clk 00:00:37]}
{[%emt 00:02:37]} 42. Qd5 {[%clk 00:14:49]} {[%emt 00:06:22]} Qb6 {[%clk
00:26:15]} {[%emt 00:04:49]} 43. Kg2 {[%clk 00:43:08]} {[%emt 00:02:14]} a5
{[%clk 00:26:15]} {[%emt 00:00:29]} 44. Kf3 {[%clk 00:42:52]} {[%emt 00:00:47]}
a4 {[%clk 00:25:25]} {[%emt 00:01:19]} 45. d7 {[%clk 00:43:12]} {[%emt
00:00:11]} Ke7 {[%clk 00:24:57]} {[%emt 00:00:56]} 46. d8=Q+ {[%clk 00:43:28]}
{[%emt 00:00:16]} Qxd8 {[%clk 00:25:17]} {[%emt 00:00:09]} 47. Qxd8+ {[%clk
00:43:50]} {[%emt 00:00:08]} Kxd8 {[%clk 00:25:44]} {[%emt 00:00:04]} 48. Ke4
{[%clk 00:44:14]} {[%emt 00:00:05]} Kc7 {[%clk 00:23:37]} {[%emt 00:02:38]} 49.
Kd4 {[%clk 00:44:38]} {[%emt 00:00:05]} Kb6 {[%clk 00:24:04]} {[%emt 00:00:03]}
50. Kc4 {[%clk 00:45:00]} {[%emt 00:00:07]} Ka5 {[%clk 00:24:32]} {[%emt
00:00:02]} 51. a3 {[%clk 00:45:21]} {[%emt 00:00:09]} h6 {[%clk 00:22:44]}
{[%emt 00:02:18]} 52. f4 {[%clk 00:45:47]} {[%emt 00:00:05]} h5 {[%clk
00:22:42]} {[%emt 00:00:32]} 53. h3 {[%clk 00:46:14]} {[%emt 00:00:03]} Ka6
{[%clk 00:22:37]} {[%emt 00:00:35]} 54. g4 {[%clk 00:46:38]} {[%emt 00:00:06]}
Kb6 {[%clk 00:22:22]} {[%emt 00:00:46]} 55. Kb4 {[%clk 00:47:02]} {[%emt
00:00:06]} Kc6 {[%clk 00:22:48]} {[%emt 00:00:03]} 56. Kxa4 {[%clk 00:47:19]}
{[%emt 00:00:14]} Kd5 {[%clk 00:23:06]} {[%emt 00:00:12]} 57. Kb5 {[%clk
00:47:20]} {[%emt 00:00:29]} Ke4 {[%clk 00:23:31]} {[%emt 00:00:05]} 58. f5
{[%clk 00:47:44]} {[%emt 00:00:07]} gxf5 {[%clk 00:23:53]} {[%emt 00:00:07]}
59. gxf5 {[%clk 00:48:00]} {[%emt 00:00:13]} Kxf5 {[%clk 00:24:17]} {[%emt
00:00:05]} 60. a4 {[%clk 00:48:26]} {[%emt 00:00:06]} h4 {[%clk 00:24:40]}
{[%emt 00:00:07]} 61. a5 {[%clk 00:48:35]} {[%emt 00:01:54]} Kf4 {[%clk
00:25:08]} {[%emt 00:00:02]} 62. a6 {[%clk 00:48:59]} {[%emt 00:00:06]} Kg3
{[%clk 00:25:33]} {[%emt 00:00:04]} 63. a7 {[%clk 00:49:26]} {[%emt 00:00:04]}
Kxh3 {[%clk 00:26:00]} {[%emt 00:00:02]} 64. a8=Q {[%clk 00:49:49]} {[%emt
00:00:07]} Kg3 {[%clk 00:26:27]} {[%emt 00:00:04]} 65. Qh1 {[%clk 00:50:15]}
{[%emt 00:00:04]} h3 {[%clk 00:26:52]} {[%emt 00:00:04]} 66. Kc4 {[%clk
00:50:39]} {[%emt 00:00:06]} h2 {[%clk 00:27:19]} {[%emt 00:00:03]} 67. Kd3
{[%clk 00:51:06]} {[%emt 00:00:04]} Kh3 {[%clk 00:27:39]} {[%emt 00:00:09]} 68.
Ke4 {[%clk 00:51:28]} {[%emt 00:00:08]} Kg3 {[%clk 00:28:05]} {[%emt 00:00:03]}
69. Ke3 {[%clk 00:51:53]} {[%emt 00:00:06]} Kg4 {[%clk 00:28:11]} {[%emt
00:00:25]} 70. Qxh2 {[%clk 00:52:18]} {[%emt 00:00:04]} Kf5 {[%clk 00:28:26]}
{[%emt 00:00:15]} 71. Qh5+ {[%clk 00:52:44]} {[%emt 00:00:05]} Ke6 {[%clk
00:28:51]} {[%emt 00:00:05]} 72. Qg5 {[%clk 00:53:09]} {[%emt 00:00:04]} Kd6
{[%clk 00:29:17]} {[%emt 00:00:04]} 73. Kd4 {[%clk 00:53:30]} {[%emt 00:00:09]}
Ke6 {[%clk 00:29:35]} {[%emt 00:00:12]} 74. Qg6+ {[%clk 00:53:57]} {[%emt
00:00:04]} Kd7 {[%clk 00:30:00]} {[%emt 00:00:05]} 75. Kc5 {[%clk 00:54:20]}
{[%emt 00:00:07]} Ke7 {[%clk 00:30:21]} {[%emt 00:00:09]} 76. Kd5 {[%clk
00:54:48]} {[%emt 00:00:02]} Kd7 {[%clk 00:30:42]} {[%emt 00:00:09]} 77. Qf7+
{[%clk 00:55:11]} {[%emt 00:00:07]} Kc8 {[%clk 00:31:03]} {[%emt 00:00:09]} 78.
Kc6 {[%clk 00:55:37]} {[%emt 00:00:04]} Kb8 {[%clk 00:31:17]} {[%emt 00:00:17]}
79. Qb7# {[%clk 00:56:01]} {[%emt 00:00:06]} 1-0